Top 10 Most Popular Candy Bars in the United States - Statistics

General Stats
  • This quiz has been taken 150 times
  • The average score is 5 of 10
Answer Stats
Hint Answer % Correct
3 Snickers
92%
7 Milky Way
74%
5 Twix
73%
1 Hershey's
70%
4 Kit Kat
68%
2 Reese's
61%
6 3 Musketeers
43%
9 Almond Joy
40%
10 Dove Chocolate
11%
8 Hershey's Cookies 'n Creme
2%
No matching quizzes found
Score Distribution
Percent of People with Each Score
Percentile by Number Answered
Your Score History
You have not taken this quiz